Monsieur Plouf... ou MisterFlech? - Statistiques

Statistiques générales
  • Ce quiz a été pris 485 fois
  • Le résultat moyen est 10 sur 15
Statistiques - réponses
Question Réponse % Correct
A été invité dans une vidéo de l'autre Les deux
100%
A plus d'abonnés que l'autre Monsieur Plouf
100%
Réalise la plupart de ses vidéos face caméra Aucun
75%
Présente l'émission "Reset System" MisterFlech
75%
Présente ses émissions en compagnie de la chatte chienne Hermine MisterFlech
75%
A égaré le deuxième épisode de l'une de ses chroniques MisterFlech
75%
Est suisse Monsieur Plouf
75%
A le plus de followers sur Twitch Monsieur Plouf
75%
A publié la vidéo avec le plus grand nombre de vues MisterFlech
50%
Possède une chaîne secondaire dédiée à l'informatique MisterFlech
50%
Est actif en tant que vidéaste sur YouTube depuis le plus longtemps Monsieur Plouf
50%
A été journaliste Monsieur Plouf
50%
Possède une chaîne en partenariat avec PsEuDoLeSs Monsieur Plouf
50%
A été recommandé par le Joueur du Grenier dans une vidéo Les deux
25%
S'est vu représenté sur le Reddit r/place (guerre des pixels) MisterFlech
25%
Aucun quiz correspondant
Distribution des résultats
% des personnes avec chaque résultat
Percentile par nombre de réponses
Votre historique - résultats
Vous n’avez pas pris ce quiz